Normal view MARC view

Entry Personal Name

Number of records used in: 2

001 - CONTROL NUMBER

  • control field: 922

003 - CONTROL NUMBER IDENTIFIER

  • control field: dpl

005 - DATE AND TIME OF LATEST TRANSACTION

  • control field: 20100723115108.0

008 - FIXED-LENGTH DATA ELEMENTS

  • fixed length control field: 100723|||a|||||| | ||| d

040 ## - CATALOGING SOURCE

  • Original cataloging agency: dpl
  • Transcribing agency: dpl

100 ## - HEADING--PERSONAL NAME

  • Personal name: Nag,Chanchal Kumar

670 ## - SOURCE DATA FOUND

  • Source citation: Work cat.: (dpl): Nag,Chanchal Kumar, Direct and indirect tax laws and practice /, N.D

670 ## - SOURCE DATA FOUND

  • Source citation: Work cat.: (dpl): Nag,Chanchal Kumar, Direct and indirect tax laws and practice /, N.D

© Delhi Public Library
Hit Counter
free hit counter